00998nam a2200289Ia 450000500170000000800410001702000180005804100080007610000340008424500850011825000180020330000250022150000520024660000480029865000380034665000420038465000290042665000590045594200150051426400290052933600270055833700330058533800280061804000350064608400120068199900150069320220317001904.0170410s2015 c g 000 f s  a9789588870434 aspa1 aSantos Molano, Enriqued1942-10aMancha de la tierrabnovelablos hermanos libertadores, IcEnrique Santos Molano a1a. edición a687 páginasc23 cm aIncluye datos biográficos del autor en solapa14aNariño, Antoniod1765-1823vNovela978520142LEMBaNovela colombianaySiglo XX142LEMBaLiteratura colombianaySiglo XX142LEMBaNovela histórica142LEMBaInsurrección de los comuneros en la literatura 2loccBKLIT aBogotábGrijalboc2015 atextobtxt2rdacontent asin mediaciónbn2rdamedia avolumenbnc2rdacarrier aCO-BoRNBPbspaerdacCO-BoRNBP aN SAN28 c8427d8427